000
00345nam a2200145Ia 4500
005
20240607023222.0
008
240331s9999 xx 000 0 und d
082
_b
CRA
_a
346
100
_a
Craig, C
245
0
_a
Everything but the ring
260
_a
Kingston
_b
Bureau of Women's Affairs
_c
1982
300
_a
35 p.,
650
_a
Law
942
_c
L
999
_c
2849
_d
2849